000 00783nam a2200241 i 4500
001 16141
003 ES-MaACL
005 20230906151243.0
007 t|
008 000704s1999 sp ||||1| spa d
020 _a84-239-5488-9
080 _a738/739(460)(091)
080 _a745/749(460)(091)
245 0 0 _aArtes decorativas /
_cpor Alberto Bartolomé Arraiza (coordinador).
260 _aMadrid :
_bEspasa-Calpe,
_c1999.
300 _a2 v. :
_bil. ;
_c28 cm.
490 1 _aSumma Artis : historia general del arte ;
_v45
650 _aArtes decorativas-
_zEspaña.
_9174870
700 1 _aArraiza, Alberto Bartolomé.
_923209
830 0 _aSumma Artis : historia general del arte ;
_v45
_9179647
852 _aES-MaACL
_jJ-54 vol. XLV
_bR.128811
999 _c16141
_d16141